| 000 | 00419nam a2200181Ia 4500 | ||
|---|---|---|---|
| 008 | 170918s9999 xx 000 0 und d | ||
| 020 | _a9781846668500 | ||
| 050 | _bV917or 2009 | ||
| 100 | _aVolke, Gordon | ||
| 245 | _aOrca's song / | ||
| 245 | _cby Gordon Volke. | ||
| 260 | _aGreat Britain : | ||
| 260 | _bQuest, | ||
| 260 | _c2009 | ||
| 300 | _a144 pages : | ||
| 300 | _billustrations ; | ||
| 300 | _c19cm. | ||
| 999 |
_c343908 _d343908 |
||